Evropská integrace - Evropská unie

Na minha lista:
Detalhes bibliográficos
Autor principal: Cihelková, Eva
Outros Autores: Jakš, Jaroslav
Formato: Livro
Idioma:tcheco
Publicado em: Praha Vysoká škola ekonomická v Praze. Nakladatelství Oeconomica 2004
Assuntos:
Tags: Adicionar Tag
Sem tags, seja o primeiro a adicionar uma tag!

MARC

LEADER 00000nam$a2200000$$$4500
001 0035436
005 20240306141351.2
020 |a 80-245-0854-0 
041 0 |a cze 
044 |a CZ 
245 1 0 |a Evropská integrace - Evropská unie  |c Eva Cihelková, Jaroslav Jakš a kol. 
264 1 |a Praha  |b Vysoká škola ekonomická v Praze. Nakladatelství Oeconomica  |c 2004 
300 |a 377 s. 
610 2 0 |a Európska únia 
610 2 0 |a integrácia 
610 2 0 |a integrácia ekonomická medzinárodná 
610 2 0 |a politika hospodárska medzinárodná 
610 2 0 |a politika medzinárodná 
610 2 0 |a politika bezpečnostná 
610 2 0 |a Európske spoločenstvá 
610 2 0 |a trh vnútorný 
610 2 0 |a únie menové 
610 2 0 |a únie hospodárske 
610 2 0 |a vzťahy hospodárske medzinárodné 
610 2 0 |a vzťahy politické medzinárodné 
100 1 |a Cihelková, Eva 
700 1 |a Jakš, Jaroslav